Mezinárodní přeprava a zasilatelství I /

Main Author: Novák, Radek, 1960-
Language: Czech
Published: Praha : Vysoká škola ekonomická, 1996
Edition: Vyd. 2.
Online Access: Digitalizovaný dokument
Physical Description: 105 s. ; 29 cm
Book
Saved in:
LEADER 01330nam a2200361 a 4500
001 000110443
003 CZ BrMZK
005 20220113125527.0
007 ta
008 960815s1996 xr e p 0 cze d
015 |a cnb000273461 
020 |a 80-7079-871-8 
035 |a (OCoLC)37964140 
040 |a BOA001  |b cze 
072 7 |a 656  |x Doprava  |2 Konspekt  |9 4 
072 7 |a 37.016  |x Učební osnovy. Vyučovací předměty. Učebnice  |2 Konspekt  |9 22 
080 |a 656(100)  |2 MRF 
080 |a 656.96  |2 MRF 
080 |a (075.8)  |2 MRF 
100 1 |a Novák, Radek,  |d 1960-  |7 mzk2003175477  |4 aut 
245 1 0 |a Mezinárodní přeprava a zasilatelství I /  |c Radek Novák 
250 |a Vyd. 2. 
260 |a Praha :  |b Vysoká škola ekonomická,  |c 1996 
300 |a 105 s. ;  |c 29 cm 
504 |a Obsahuje bibliografii 
500 |a Dostupné též v digitální podobě v aplikaci Kramerius 
650 0 7 |a mezinárodní přeprava  |7 ph115286  |2 czenas 
650 0 7 |a zasilatelství  |7 ph127541  |2 czenas 
655 7 |a učebnice vysokých škol  |7 fd133772  |2 czenas 
856 4 1 |u http://www.digitalniknihovna.cz/mzk/uuid/uuid:a40070a0-77f1-11ee-834d-5ef3fc9bb22f  |y Digitalizovaný dokument  |x NDK 
910 |a BOA001  |b 4-1027.066 
990 |a BK 
996 7 |b 2610044856  |c 4-1027.066  |l MZK  |r Sklad / do 1 hodiny  |n 22  |p p.v.  |w 000110443  |u 000010  |a 1  |e BOA001  |j MZK50  |s A